Surgery gynecology and obstetrics (Registro nro. 2273)
[ vista simple ]
| 000 -LEADER | |
|---|---|
| campo de control de longitud fija | 00843nas a2200241 i 4500 |
| 001 - NÚMERO DE CONTROL | |
| campo de control | 2273 |
| 003 - IDENTIFICADOR DE NÚMERO DE CONTROL | |
| campo de control | ES-MaACL |
| 005 - FECHA Y HORA DE LA ÚLTIMA TRANSACCIÓN | |
| campo de control | 20250217134606.0 |
| 007 - CAMPO FIJO DE DESCRIPCIÓN FÍSICA--INFORMACIÓN GENERAL | |
| campo de control de longitud fija | t| |
| 008 - DATOS DE LONGITUD FIJA--INFORMACIÓN GENERAL | |
| campo de control de longitud fija | 950801d19051993xxu | | 1 ||ng d |
| 080 ## - NÚMERO DE LA CLASIFICACIÓN DECIMAL UNIVERSAL | |
| Número de la Clasificación Decimal Universal | 73 |
| 245 00 - MENCIÓN DEL TÍTULO | |
| Título | Surgery gynecology and obstetrics |
| Resto del título | : with international abstract of surgery official journal of The American College of Surgeons. |
| 260 ## - PUBLICACIÓN, DISTRIBUCIÓN, ETC. | |
| Lugar de publicación, distribución, etc. | Chicago : |
| Nombre del editor, distribuidor, etc. | The Surgical Publishing Company, |
| Fecha de publicación, distribución, etc. | 1905-1993 ( |
| Fabricante | R. Donnelley and Sons) |
| 300 ## - DESCRIPCIÓN FÍSICA | |
| Extensión | 78 v. ; |
| Dimensiones | 27 cm. |
| 310 ## - PERIODICIDAD ACTUAL | |
| Periodicidad actual | Mensual |
| 362 0# - FECHAS DE PUBLICACIÓN Y/O DESIGNACIÓN SECUENCIAL | |
| Fecha de publicación y/o designación secuencial | Vol. 1, n. 1 (July 1905)-vol. 177, n. 6 (Dec. 1993) |
| 650 14 - PUNTO DE ACCESO ADICIONAL DE MATERIA--TÉRMINO DE MATERIA | |
| Término de materia o nombre geográfico como elemento de entrada | Ginecología. |
| 9 (RLIN) | 13119 |
| 700 1# - ENTRADA AGREGADA--NOMBRE PERSONAL | |
| Nombre de persona | Loyal, Davis, |
| Término indicativo de función/relación | |
| 9 (RLIN) | 194461 |
| 710 2# - ENTRADA AGREGADA--NOMBRE DE ENTIDAD CORPORATIVA | |
| Nombre de entidad corporativa o nombre de jurisdicción como elemento de entrada | American College of Surgeons. |
| 9 (RLIN) | 1353 |
| 852 ## - LOCALIZACIÓN | |
| Ubicación | ES-MaACL |
| Número de control de estantería | HEM-A-8 |
| Encuadernación | Hem-1645 |
| Signatura antigua | |
| 866 #0 - MENCIÓN TEXTUAL DE FONDOS--UNIDAD BIBLIOGRÁFICA BÁSICA | |
| Fondos | (1945f.n.1-4)1946-58(1959),1961-66. |
| Estatus retirado | Estado de pérdida | Estado de daño | No para préstamo | Colección | Biblioteca de origen | Biblioteca actual | Ubicación en estantería | Fecha de adquisición | Fuente de adquisición | Total de préstamos | Signatura topográfica completa | Código de barras | Visto por última vez | Precio de reemplazo | Tipo de ítem Koha |
|---|---|---|---|---|---|---|---|---|---|---|---|---|---|---|---|
| Periódicos y Revistas | Biblioteca del Ateneo de Madrid | Biblioteca del Ateneo de Madrid | Depósito 1 | 17/01/2008 | HEM-A-8 | 1002313 | 23/02/2023 | 23/02/2023 | Revista |
